000 00452nam a2200181Ia 4500
001 10666
005 20260306161849.0
008 260306t2008||||xx |||||||||||||| ||spa||
041 _aESP
082 _a946.05
_bP42
100 _aPeña Izquierdo, Antonio Ramón
_eAUT
245 0 _aDe Austrias a Borbones:
_bEspaña entre los siglos XVII y XVIII
260 _c2008
300 _a
_c
650 _aGEN
654 _aCHU
942 _cLIB
_dJUS
_fJUS
_2ddc
_n
999 _c10666
_d10666